[Event "IMSA World Masters Rapid"]
[Site "Hengshui CHN"]
[Date "2019.05.14"]
[Round "1.2"]
[White "Le, Quang Liem"]
[Black "Yu, Yangyi"]
[Result "1/2-1/2"]
[WhiteTitle "GM"]
[BlackTitle "GM"]
[WhiteElo "2704"]
[BlackElo "2739"]
[WhiteFideId "12401137"]
[BlackFideId "8603820"]
[EventDate "2019.05.14"]

1. Nf3 d5 2. e3 Nf6 3. c4 e6 4. b3 Be7 5. Bb2 O-O 6. Nc3 dxc4 7. bxc4 c5 8. Qc2
b6 9. Be2 Bb7 10. Rg1 Nc6 11. a3 Na5 12. d3 Ne8 13. g4 a6 14. g5 b5 15. Rd1 Rb8
16. Ne4 Ba8 17. h4 bxc4 18. dxc4 Qb6 19. Be5 Qb3 20. Nf6+ Bxf6 21. Qxb3 Rxb3 22.
gxf6 g6 23. Ng5 Nc6 24. Ba1 Rxa3 25. h5 Nb4 26. Kf1 Rxa1 27. Rxa1 Nxf6 28. Ra5
Rc8 29. hxg6 hxg6 30. Bf3 Bxf3 31. Nxf3 Ne4 32. Rg4 Nd6 33. Ke2 Nb7 34. Ra1 a5
35. Nd2 Kg7 36. Rh4 Ra8 37. Ne4 Ra7 38. Rd1 a4 39. Rd7 Nc6 40. Rc7 a3 41. Rh1
Nba5 42. Rxa7 Nxa7 43. Kd3 N7c6 44. Kc3 Ne5 45. Nd2 Ng4 46. Rf1 f5 47. Nb3 Nxb3
48. Kxb3 e5 49. Kxa3 e4 50. Ka4 Ne5 51. Kb5 Nd3 52. f4 exf3 53. Rxf3 Kf6 54. e4
Ne1 55. Rf1 Nd3 56. exf5 gxf5 57. Rd1 Nf2 58. Rd6+ Kg5 59. Re6 Ne4 60. Kc6 Kf4
61. Kd5 Ke3 62. Re5 Kf4 63. Re7 Ke3 64. Rf7 Kf4 65. Rf8 Kg4 66. Ke6 Nd2 67. Kd5
Ne4 68. Ra8 Kf4 69. Ra1 Ke3 70. Ra3+ Kf4 71. Rb3 Kg4 72. Rd3 Kf4 73. Ra3 Kg4 74.
Ra1 Nd2 75. Rd1 Ne4 76. Ke5 Ng3 77. Kd5 f4 78. Kxc5 f3 79. Kd5 f2 80. c5 f1=Q
81. Rxf1 Nxf1 82. c6 Ne3+ 83. Kd6 Nf5+ 84. Kd7 Ne3 85. Kd6 Nf5+ 86. Kd7 Ne3 87.
c7 Nd5 88. c8=Q Nb6+ 89. Kc7+ Nxc8 90. Kxc8 1/2-1/2

[Event "IMSA World Masters Rapid"]
[Site "Hengshui CHN"]
[Date "2019.05.14"]
[Round "1.3"]
[White "Andreikin, Dmitry"]
[Black "Leko, Peter"]
[Result "1/2-1/2"]
[WhiteTitle "GM"]
[BlackTitle "GM"]
[WhiteElo "2722"]
[BlackElo "2674"]
[WhiteFideId "4158814"]
[BlackFideId "703303"]
[EventDate "2019.05.14"]

1. d4 Nf6 2. c4 e6 3. Nf3 d5 4. Nc3 Bb4 5. Bg5 h6 6. Qa4+ Nc6 7. Bxf6 Qxf6 8. e3
O-O 9. Be2 Bd7 10. Qb3 dxc4 11. Qxc4 Qe7 12. O-O Na5 13. Qxc7 Rac8 14. Qe5 Bxc3
15. bxc3 Qa3 16. Rac1 Rxc3 17. Rxc3 Qxc3 18. Qd6 Qc2 19. Bd1 Qc6 20. Qe7 Re8 21.
Qa3 Qa6 22. Ne5 Bb5 23. Re1 Nc4 24. Nxc4 Bxc4 25. Qxa6 Bxa6 26. Bb3 Rc8 27. f4
Rc3 28. d5 exd5 29. Bxd5 Bc4 30. Bxc4 Rxc4 31. Rd1 g6 32. Rd7 Ra4 33. Rxb7 Rxa2
34. h4 h5 35. Kh2 Ra3 36. Kg1 Rxe3 37. Rxa7 Kg7 38. Kf2 Rb3 39. Ra6 Rb2+ 40. Kf3
Rb3+ 41. Kf2 Rb2+ 42. Kf3 Rb3+ 43. Kf2 Rb2+ 1/2-1/2

[Event "IMSA World Masters Rapid"]
[Site "Hengshui CHN"]
[Date "2019.05.14"]
[Round "1.4"]
[White "Ponomariov, Ruslan"]
[Black "Korobov, Anton"]
[Result "1/2-1/2"]
[WhiteTitle "GM"]
[BlackTitle "GM"]
[WhiteElo "2675"]
[BlackElo "2687"]
[WhiteFideId "14103320"]
[BlackFideId "14105730"]
[EventDate "2019.05.14"]

1. e4 c5 2. Nf3 d6 3. d4 cxd4 4. Nxd4 Nf6 5. Nc3 a6 6. h3 Nc6 7. Be3 Nxd4 8.
Qxd4 e5 9. Qb6 Qxb6 10. Bxb6 Be6 11. O-O-O Rc8 12. Ba5 Be7 13. Bb4 Rd8 14. Be2
d5 15. exd5 Nxd5 16. Ba5 Nxc3 17. Rxd8+ Bxd8 18. Bxc3 f6 19. Rd1 Bc7 20. Bf3 b6
21. Bb4 Kf7 22. Bd6 Bd8 23. b3 Be7 24. c4 Rd8 25. Bxe7 Rxd1+ 26. Kxd1 Kxe7 27.
Kd2 a5 28. Kc3 Kd6 29. a3 g5 30. b4 axb4+ 31. axb4 h6 32. Be2 Bf7 33. g4 Be6 34.
Bd3 Bd7 35. Be4 Be6 36. Kd3 Bf7 37. Bf3 Bg6+ 38. Be4 Bf7 39. Bf3 Bg6+ 40. Be4
Bf7 41. Bf3 1/2-1/2

[Event "IMSA World Masters Rapid"]
[Site "Hengshui CHN"]
[Date "2019.05.14"]
[Round "1.5"]
[White "Dominguez Perez, Leinier"]
[Black "Mamedov, Rauf"]
[Result "1-0"]
[WhiteTitle "GM"]
[BlackTitle "GM"]
[WhiteElo "2750"]
[BlackElo "2650"]
[WhiteFideId "3503240"]
[BlackFideId "13401653"]
[EventDate "2019.05.14"]

1. e4 c5 2. Nf3 Nc6 3. d4 cxd4 4. Nxd4 Nf6 5. Nc3 e5 6. Ndb5 d6 7. Bg5 a6 8. Na3
b5 9. Nd5 Be7 10. Bxf6 Bxf6 11. c3 Rb8 12. Nc2 Bg5 13. Be2 O-O 14. O-O a5 15.
Qd3 Ne7 16. Nce3 Be6 17. Rfd1 b4 18. Nxe7+ Qxe7 19. c4 Qa7 20. Nd5 f5 21. exf5
Bxf5 22. Qg3 Bh6 23. Ne3 Bf4 24. Qf3 Bg6 25. Qh3 e4 26. b3 Kh8 27. Rab1 a4 28.
Bg4 Ra8 29. Be6 axb3 30. axb3 Be5 31. Bd5 Rae8 32. Rd2 Bc3 33. Re2 Bd4 34. Rd1
Re5 35. Rde1 Bc3 36. Rb1 Bd4 37. Rbe1 Bh5 38. Rc2 Bc3 39. Rb1 Bd4 40. Qg3 Qe7
41. Ra2 Rg5 42. Qh3 Bf3 43. g3 Rh5 44. Qe6 Qxe6 45. Bxe6 g5 46. Bg4 Bxg4 47.
Nxg4 Rf3 48. Kg2 Bc3 49. Re2 Rf8 50. Rxe4 1-0

[Event "IMSA World Masters Rapid"]
[Site "Hengshui CHN"]
[Date "2019.05.14"]
[Round "1.6"]
[White "Vidit, Santosh Gujrathi"]
[Black "Rapport, Richard"]
[Result "1-0"]
[WhiteTitle "GM"]
[BlackTitle "GM"]
[WhiteElo "2707"]
[BlackElo "2736"]
[WhiteFideId "5029465"]
[BlackFideId "738590"]
[EventDate "2019.05.14"]

1. d4 d6 2. Nf3 Nf6 3. g3 g6 4. Bg2 Bg7 5. c4 c5 6. Nc3 cxd4 7. Nxd4 h5 8. h3
O-O 9. Be3 Qc7 10. Rc1 Nc6 11. O-O Bd7 12. b3 Rfc8 13. Qd2 Qd8 14. Rfd1 a6 15.
Kh2 Nxd4 16. Bxd4 Bc6 17. a4 Kh7 18. e4 Qh8 19. a5 Nd7 20. Bxg7 Qxg7 21. Qe3
Rab8 22. Nd5 Re8 23. h4 Qh6 24. Qxh6+ Kxh6 25. b4 Kg7 26. Bh3 Nf6 27. f3 Rbd8
28. Nb6 Bd7 29. Bf1 Be6 30. b5 Nd7 31. Nxd7 Rxd7 32. c5 dxc5 33. Rxd7 Bxd7 34.
bxa6 bxa6 35. Rxc5 Ra8 36. Kg2 Ra7 37. Kf2 f6 38. f4 e6 39. Ke3 Kf7 40. e5 f5
41. Rc1 Ke7 42. Rb1 Rc7 43. Bxa6 Rc3+ 44. Bd3 Bc6 45. Rb4 Ra3 46. a6 Be4 47.
Rxe4 fxe4 48. Kxe4 Ra4+ 49. Ke3 Kf7 50. Kd2 Ra3 51. Ke2 Ra2+ 52. Ke3 Ra4 53. Bb5
Ra5 54. Bc4 Ke7 55. Kd4 Kd7 56. Bd3 Ra3 57. Bxg6 Rxa6 58. Ke3 Ra3+ 59. Kf2 Ra2+
60. Kf3 Ra3+ 61. Kg2 Kc6 62. Bxh5 Kd7 63. Bg6 Ke7 64. Kh3 Kf8 65. h5 Kg7 66. Kh4
Rf3 67. Be8 Kf8 68. Bd7 Kf7 69. Bc6 Rc3 70. Be4 Kg7 71. Bg2 Rc1 72. g4 Rc2 73.
Kg3 Kh6 74. Bf3 Rc3 75. g5+ Kg7 76. Kg4 Rc4 77. Be2 Rc3 78. Bb5 Rc1 79. h6+ Kf7
80. Bd3 Rg1+ 81. Kf3 Rh1 82. Kg2 Rd1 83. Bh7 1-0

[Event "IMSA World Masters Rapid"]
[Site "Hengshui CHN"]
[Date "2019.05.14"]
[Round "1.7"]
[White "Bu, Xiangzhi"]
[Black "Cheparinov, Ivan"]
[Result "1/2-1/2"]
[WhiteTitle "GM"]
[BlackTitle "GM"]
[WhiteElo "2729"]
[BlackElo "2667"]
[WhiteFideId "8601445"]
[BlackFideId "2905540"]
[EventDate "2019.05.14"]

1. Nf3 d5 2. d4 Nf6 3. c4 e6 4. Bg5 h6 5. Bxf6 Qxf6 6. Nc3 Bb4 7. Qa4+ Nc6 8. e3
O-O 9. Be2 dxc4 10. O-O Bd7 11. Bxc4 Bxc3 12. bxc3 Rfd8 13. Qa3 b6 14. Rad1 Qe7
15. Qxe7 Nxe7 16. e4 c5 17. dxc5 bxc5 18. Ne5 Ba4 19. Rxd8+ Rxd8 20. f3 Nc6 21.
Nd3 Bc2 22. Nxc5 Ne5 23. Ba6 Rd2 24. Bb5 g5 25. Rc1 Bd3 26. Nxd3 Nxd3 27. Bxd3
Rxd3 28. Rc2 Kf8 29. Kf2 Ke7 30. Ke2 Rd6 31. Rd2 Ra6 32. Ke3 Ra4 33. Kd3 e5 34.
h3 h5 35. g3 h4 36. gxh4 gxh4 37. Ke3 Ra3 38. Kd3 Ra4 39. Ke3 Ra3 40. Rc2 Ke6
41. f4 f6 42. Kf3 Ra4 43. Ke3 f5 44. exf5+ Kxf5 45. fxe5 Kxe5 46. Rg2 Re4+ 47.
Kd3 Rf4 48. Ke3 Re4+ 49. Kd3 Rf4 50. Rg5+ Kd6 51. Ke3 Rc4 52. Kd3 Rf4 53. Rg6+
Kc5 54. Re6 Rf3+ 55. Re3 Rf2 56. Re2 Rf3+ 57. Re3 Rf2 58. a4 a5 59. Re5+ Kb6 60.
Re6+ Kc5 61. Re5+ Kb6 62. Kd4 Rd2+ 63. Kc4 Rh2 64. Re3 Kc6 65. Rf3 Rh1 66. Re3
Rh2 67. Rf3 Rh1 68. Rf6+ Kc7 69. Rf7+ Kc6 70. Rf6+ Kc7 71. Kc5 Rxh3 72. Rf7+ Kd8
73. c4 Rh1 74. Kb5 h3 75. Rh7 h2 76. Kxa5 Kc8 77. c5 Rc1 78. Rxh2 Rxc5+ 79. Kb6
Rc1 80. Rh8+ Kd7 81. a5 Rb1+ 82. Kc5 Rc1+ 83. Kb6 Rb1+ 84. Kc5 Rc1+ 1/2-1/2

[Event "IMSA World Masters Rapid"]
[Site "Hengshui CHN"]
[Date "2019.05.14"]
[Round "1.8"]
[White "Jones, Gawain C B"]
[Black "Gelfand, Boris"]
[Result "0-1"]
[WhiteTitle "GM"]
[BlackTitle "GM"]
[WhiteElo "2702"]
[BlackElo "2676"]
[WhiteFideId "409561"]
[BlackFideId "2805677"]
[EventDate "2019.05.14"]

1. e4 e5 2. Nf3 Nf6 3. d4 Nxe4 4. Bd3 d5 5. Nxe5 Nd7 6. O-O Nxe5 7. dxe5 Nc5 8.
Be3 Nxd3 9. Qxd3 c6 10. Nd2 Be7 11. f4 g6 12. c3 c5 13. Rad1 Bf5 14. Qb5+ Qd7
15. Qxd7+ Kxd7 16. Nb3 b6 17. Rxd5+ Kc6 18. Rfd1 Rhd8 19. Rxd8 Rxd8 20. Rxd8
Bxd8 21. Kf2 f6 22. exf6 Bxf6 23. Nd2 Kd5 24. Kf3 Bc2 25. g4 Bd1+ 26. Kg3 a5 27.
f5 gxf5 28. gxf5 a4 29. a3 b5 30. h4 b4 31. Bg5 Be5+ 32. Kf2 bxc3 33. bxc3 Bxc3
34. Ke3 Bc2 35. f6 Ke6 36. Ne4 Bd4+ 37. Kf4 Be5+ 38. Ke3 Bxe4 39. Kxe4 Bb2 40.
Bd2 Bxa3 41. Bc3 Bc1 42. f7 Kxf7 43. Kd5 a3 44. Kxc5 Bb2 45. Kb4 Kg6 46. Kb3
Bxc3 47. Kxa3 Kh5 48. Kb3 Kxh4 0-1

[Event "IMSA World Masters Rapid"]
[Site "Hengshui CHN"]
[Date "2019.05.14"]
[Round "2.1"]
[White "Gelfand, Boris"]
[Black "Dominguez Perez, Leinier"]
[Result "0-1"]
[WhiteTitle "GM"]
[BlackTitle "GM"]
[WhiteElo "2676"]
[BlackElo "2750"]
[WhiteFideId "2805677"]
[BlackFideId "3503240"]
[EventDate "2019.05.14"]

1. d4 Nf6 2. c4 e6 3. Nf3 d5 4. Nc3 c5 5. e3 cxd4 6. exd4 Bb4 7. cxd5 Nxd5 8.
Qc2 Nc6 9. a3 Ba5 10. Bd3 h6 11. O-O O-O 12. Rd1 Bd7 13. Ne4 Bb6 14. Bc4 Rc8 15.
Nd6 Rc7 16. Nb5 Ncb4 17. Qb3 Bxb5 18. Bxb5 Nc2 19. Rb1 Qf6 20. Qd3 Rfc8 21. Be3
Nf4 22. Qe4 Nd5 23. Bd3 Ncxe3 24. fxe3 g6 25. Kh1 Kg7 26. g4 Qe7 27. Rg1 Qd6 28.
g5 h5 29. Rbf1 Ne7 30. Ne5 Nf5 31. Qf3 Qe7 32. Be4 a5 33. Qf4 Ba7 34. Nd3 Bb8
35. Qf3 Rc2 36. Rf2 Rxf2 37. Qxf2 b6 38. d5 Nd6 39. Bf3 e5 40. e4 b5 41. Qd2 Ba7
42. Rc1 Rc4 43. Rxc4 Nxc4 44. Qg2 a4 45. h4 Bd4 46. Qh2 Qc7 47. Qe2 Nd6 48. Qd2
Qc8 49. Kh2 Qc4 50. Kg2 Qb3 51. Qd1 Qa2 52. Qc1 Nc4 53. Kh1 Qb3 54. Qd1 Qxd1+
55. Bxd1 Bxb2 56. d6 Kf8 0-1

[Event "IMSA World Masters Rapid"]
[Site "Hengshui CHN"]
[Date "2019.05.14"]
[Round "2.2"]
[White "Yu, Yangyi"]
[Black "Vidit, Santosh Gujrathi"]
[Result "1/2-1/2"]
[WhiteTitle "GM"]
[BlackTitle "GM"]
[WhiteElo "2739"]
[BlackElo "2707"]
[WhiteFideId "8603820"]
[BlackFideId "5029465"]
[EventDate "2019.05.14"]

1. Nf3 Nf6 2. c4 c5 3. d4 cxd4 4. Nxd4 Nc6 5. Nc3 e6 6. Bf4 d5 7. e3 Bb4 8. Be2
dxc4 9. Nxc6 Qxd1+ 10. Rxd1 bxc6 11. Bxc4 Nd5 12. O-O Nxf4 13. exf4 Ke7 14. Ne4
Ba5 15. Rd3 Rd8 16. Rfd1 Rxd3 17. Rxd3 Bc7 18. g3 h6 19. h4 Rb8 20. b3 a5 21. a4
Bd7 22. Nc5 Rd8 23. h5 Bc8 24. Kg2 Bd6 25. Ne4 Bc7 26. Rxd8 Bxd8 27. Nc5 Bb6 28.
Nd3 f6 29. Kf3 Kd6 30. Ke4 Bd7 31. Kf3 Bd4 32. g4 c5 33. Kg3 Bc6 34. f3 Be8 35.
Ne1 g6 36. hxg6 Bxg6 37. Nd3 h5 38. Kh4 hxg4 39. fxg4 Ke7 40. Kg3 Be4 41. Nf2
Bc2 42. Kf3 Kd6 43. Ne4+ Bxe4+ 44. Kxe4 Bc3 45. g5 fxg5 46. fxg5 Ke7 47. Be2 Bd2
48. g6 Kf6 49. Bg4 Kxg6 50. Bxe6 Kf6 51. Bc4 1/2-1/2

[Event "IMSA World Masters Rapid"]
[Site "Hengshui CHN"]
[Date "2019.05.14"]
[Round "2.4"]
[White "Cheparinov, Ivan"]
[Black "Andreikin, Dmitry"]
[Result "1/2-1/2"]
[WhiteTitle "GM"]
[BlackTitle "GM"]
[WhiteElo "2667"]
[BlackElo "2722"]
[WhiteFideId "2905540"]
[BlackFideId "4158814"]
[EventDate "2019.05.14"]

1. d4 Nf6 2. c4 e6 3. Nf3 b6 4. g3 Bb7 5. Bg2 Be7 6. O-O O-O 7. Nc3 Ne4 8. Bd2
d6 9. Qc2 Nxd2 10. Nxd2 Bxg2 11. Kxg2 Nd7 12. Rad1 g6 13. b4 Bf6 14. Nf3 Bg7 15.
b5 a6 16. a4 Qc8 17. Qe4 axb5 18. axb5 Ra3 19. Rc1 Re8 20. e3 f5 21. Qc2 Qa8 22.
Qe2 Qa5 23. Qc2 Qa8 24. Qe2 Qa5 25. Qc2 Qa8 26. Qe2 Qa5 1/2-1/2

[Event "IMSA World Masters Rapid"]
[Site "Hengshui CHN"]
[Date "2019.05.14"]
[Round "2.5"]
[White "Korobov, Anton"]
[Black "Le, Quang Liem"]
[Result "1/2-1/2"]
[WhiteTitle "GM"]
[BlackTitle "GM"]
[WhiteElo "2687"]
[BlackElo "2704"]
[WhiteFideId "14105730"]
[BlackFideId "12401137"]
[EventDate "2019.05.14"]

1. d4 Nf6 2. c4 e6 3. Nf3 b6 4. a3 Bb7 5. Nc3 d5 6. cxd5 Nxd5 7. Bd2 Be7 8. Qc2
c5 9. dxc5 O-O 10. cxb6 Qxb6 11. e3 Nd7 12. Be2 Rfc8 13. O-O Nc5 14. Nxd5 Bxd5
15. Rac1 Qb7 16. Qb1 Bf6 17. b4 Be4 18. Qa2 Bd5 19. Qb1 Be4 20. Qa2 Bd5 21. Qb1
Be4 22. Qa2 Bd5 1/2-1/2

[Event "IMSA World Masters Rapid"]
[Site "Hengshui CHN"]
[Date "2019.05.14"]
[Round "2.6"]
[White "Fedoseev, Vladimir3"]
[Black "Bu, Xiangzhi"]
[Result "1-0"]
[WhiteTitle "GM"]
[BlackTitle "GM"]
[WhiteElo "2683"]
[BlackElo "2729"]
[WhiteFideId "24130737"]
[BlackFideId "8601445"]
[EventDate "2019.05.14"]

1. d4 d5 2. c4 c6 3. Nf3 Nf6 4. Qb3 dxc4 5. Qxc4 Bf5 6. g3 e6 7. Bg2 Nbd7 8. O-O
Be7 9. Nc3 O-O 10. Bf4 Rc8 11. a3 h6 12. Rfd1 Qb6 13. b4 Nd5 14. e4 Nxc3 15.
exf5 Nxd1 16. fxe6 Nb2 17. Qb3 fxe6 18. Qxe6+ Kh8 19. Qxe7 Qd8 20. Qe2 Na4 21.
Qc2 Rxf4 22. gxf4 Nab6 23. Re1 Qf6 24. f5 Nf8 25. Qc5 Nd5 26. Ne5 Nf4 27. Be4
Nh7 28. Qc3 Ng5 29. Bc2 Rd8 30. Kf1 Nd5 31. Qg3 Ne7 32. Ng4 Qf7 33. Nxh6 gxh6
34. Qe5+ Kg8 35. Qxe7 Rxd4 36. Bb3 Qxb3 37. Qe8+ Kg7 38. Qg6+ 1-0

[Event "IMSA World Masters Rapid"]
[Site "Hengshui CHN"]
[Date "2019.05.14"]
[Round "2.7"]
[White "Rapport, Richard"]
[Black "Ponomariov, Ruslan"]
[Result "1/2-1/2"]
[WhiteTitle "GM"]
[BlackTitle "GM"]
[WhiteElo "2736"]
[BlackElo "2675"]
[WhiteFideId "738590"]
[BlackFideId "14103320"]
[EventDate "2019.05.14"]

1. e4 c6 2. d4 d5 3. e5 c5 4. Nf3 Nc6 5. dxc5 e6 6. a3 Bxc5 7. b4 Bb6 8. Bd3 f6
9. Bb2 fxe5 10. Nxe5 Nf6 11. O-O O-O 12. Nd2 a5 13. b5 Nxe5 14. Bxe5 Bd7 15. a4
Be8 16. c4 Rc8 17. h3 Qe7 18. Qc2 Kh8 19. Rae1 Bh5 20. Kh1 Bc5 21. Qb2 b6 22.
cxd5 Nxd5 23. Ne4 Bb4 24. Rc1 Ba3 25. Bxg7+ Qxg7 26. Qxa3 Nf4 27. Ng3 Bf3 28.
Kh2 Bxg2 29. Rxc8 Rxc8 30. Rc1 Rf8 31. Rc7 Qf6 32. Be4 Bxe4 33. Nxe4 Qf5 34.
Qc3+ e5 35. Nd6 Qf6 36. Ne4 Qf5 37. Nd6 Qf6 38. Ne4 Qf5 39. Qf3 Ng6 40. Qxf5
Rxf5 41. Kg3 Rf4 42. f3 Nh4 43. Ng5 Nf5+ 44. Kf2 Rxa4 45. Rxh7+ Kg8 46. Rb7 Ra2+
47. Ke1 Nd4 48. Rxb6 Rb2 49. Ra6 Rxb5 50. h4 Rc5 51. h5 e4 52. Nxe4 Nxf3+ 53.
Kf2 Rf5 54. Rg6+ Kh8 55. Rh6+ Kg7 56. Rg6+ Kh8 57. Rh6+ Kg7 58. Rg6+ Kh8 59.
Rh6+ Kg7 1/2-1/2

[Event "IMSA World Masters Rapid"]
[Site "Hengshui CHN"]
[Date "2019.05.14"]
[Round "3.2"]
[White "Vidit, Santosh Gujrathi"]
[Black "Korobov, Anton"]
[Result "1/2-1/2"]
[WhiteTitle "GM"]
[BlackTitle "GM"]
[WhiteElo "2707"]
[BlackElo "2687"]
[WhiteFideId "5029465"]
[BlackFideId "14105730"]
[EventDate "2019.05.14"]

1. d4 d5 2. c4 c6 3. Nf3 Nf6 4. e3 Bf5 5. Nc3 e6 6. Nh4 Be4 7. f3 Bg6 8. Qb3 Qc7
9. Bd2 Be7 10. Nxg6 hxg6 11. O-O-O Nbd7 12. Kb1 dxc4 13. Bxc4 b5 14. Be2 a6 15.
Ne4 c5 16. Nxc5 Nxc5 17. dxc5 Qxc5 18. Rc1 Qb6 19. h4 O-O 20. g4 Rfd8 21. Rc2
Rac8 22. h5 Rxc2 23. Qxc2 gxh5 24. gxh5 Qc5 25. e4 Qxc2+ 26. Kxc2 Nd7 27. Rd1
Rc8+ 28. Kb1 Ne5 29. Bc3 Nc6 30. h6 gxh6 31. Rg1+ Kf8 32. Bg7+ Ke8 33. Bxh6 Bf6
34. Rg8+ Kd7 35. Rxc8 Kxc8 36. f4 Bd4 37. a4 bxa4 38. Bxa6+ Kc7 39. f5 exf5 40.
exf5 Kb6 41. Bd3 f6 42. Bc2 Kb5 43. Bd3+ Kb6 44. Bc2 Kb5 45. Bd3+ Kb6 1/2-1/2

[Event "IMSA World Masters Rapid"]
[Site "Hengshui CHN"]
[Date "2019.05.14"]
[Round "3.4"]
[White "Ponomariov, Ruslan"]
[Black "Yu, Yangyi"]
[Result "1/2-1/2"]
[WhiteTitle "GM"]
[BlackTitle "GM"]
[WhiteElo "2675"]
[BlackElo "2739"]
[WhiteFideId "14103320"]
[BlackFideId "8603820"]
[EventDate "2019.05.14"]

1. e4 e6 2. d4 d5 3. Nc3 Bb4 4. exd5 exd5 5. Bd3 Ne7 6. Qh5 Qd7 7. h3 Nbc6 8. a3
Bxc3+ 9. bxc3 Qe6+ 10. Ne2 Bd7 11. O-O O-O-O 12. Rb1 f6 13. Bf4 Be8 14. Qf3 Bg6
15. Rfe1 Rhe8 16. Ng3 Qd7 17. Nh5 Nf5 18. Qg4 Bxh5 19. Qxh5 g6 20. Qf3 Nh4 21.
Qg3 Nf5 22. Qf3 Nh4 23. Qg3 Nf5 24. Qf3 Nh4 1/2-1/2

[Event "IMSA World Masters Rapid"]
[Site "Hengshui CHN"]
[Date "2019.05.14"]
[Round "3.5"]
[White "Andreikin, Dmitry"]
[Black "Gelfand, Boris"]
[Result "1/2-1/2"]
[WhiteTitle "GM"]
[BlackTitle "GM"]
[WhiteElo "2722"]
[BlackElo "2676"]
[WhiteFideId "4158814"]
[BlackFideId "2805677"]
[EventDate "2019.05.14"]

1. e4 e5 2. Nf3 Nf6 3. Nxe5 d6 4. Nf3 Nxe4 5. Nc3 Nxc3 6. dxc3 Be7 7. Be3 O-O 8.
Qd2 Nd7 9. O-O-O Nf6 10. Kb1 c5 11. Bd3 Bd7 12. Bg5 Re8 13. h4 h6 14. Bc4 b5 15.
Bxf6 Bxf6 16. Bd5 Rb8 17. Qf4 b4 18. c4 Be6 19. g4 Qa5 20. Bxe6 Rxe6 21. Ng5 b3
22. axb3 hxg5 23. hxg5 Bxb2 24. Kxb2 Rxb3+ 25. Kxb3 Qb4+ 26. Ka2 Re2 27. Qf5
Qa4+ 28. Kb2 Qb4+ 29. Kc1 Qa3+ 30. Kb1 Qb4+ 31. Kc1 Qa3+ 32. Kb1 Qb4+ 33. Kc1 1/2-1/2

[Event "IMSA World Masters Rapid"]
[Site "Hengshui CHN"]
[Date "2019.05.14"]
[Round "3.6"]
[White "Le, Quang Liem"]
[Black "Leko, Peter"]
[Result "1-0"]
[WhiteTitle "GM"]
[BlackTitle "GM"]
[WhiteElo "2704"]
[BlackElo "2674"]
[WhiteFideId "12401137"]
[BlackFideId "703303"]
[EventDate "2019.05.14"]

1. e4 e5 2. Nf3 Nc6 3. Bb5 Nf6 4. d3 Bc5 5. O-O Nd4 6. Nxd4 Bxd4 7. c3 Bb6 8.
Na3 c6 9. Ba4 d6 10. Nc4 Bc7 11. Bb3 a5 12. a4 Be6 13. f4 exf4 14. Bxf4 d5 15.
Bxc7 Qxc7 16. exd5 Nxd5 17. d4 O-O 18. Qf3 Rad8 19. Nd2 c5 20. c4 Ne7 21. d5 Bf5
22. Rae1 Bg6 23. Qc3 Nc8 24. Bc2 Bxc2 25. Qxc2 Rde8 26. Ne4 Nd6 27. b3 b6 28.
Ng5 g6 29. Qf2 h6 30. Nf3 Rxe1 31. Rxe1 Re8 32. Rxe8+ Nxe8 33. Qe3 Nd6 34. Qxh6
Qe7 35. Qg5 Qc7 36. Qe5 Qd7 37. h3 Qd8 38. h4 f6 39. Qe6+ Kg7 40. Kf2 Nf7 41. g3
Nd6 42. g4 Nf7 43. g5 fxg5 44. hxg5 Nd6 45. Qe5+ Kh7 46. Qh2+ Kg8 47. Qh6 Qe8
48. Nh4 Ne4+ 49. Kg2 Nd2 50. Qxg6+ Qxg6 51. Nxg6 Nxb3 52. d6 Nd4 53. d7 Ne6 54.
Kg3 1-0

[Event "IMSA World Masters Rapid"]
[Site "Hengshui CHN"]
[Date "2019.05.14"]
[Round "3.7"]
[White "Jones, Gawain C B"]
[Black "Rapport, Richard"]
[Result "0-1"]
[WhiteTitle "GM"]
[BlackTitle "GM"]
[WhiteElo "2702"]
[BlackElo "2736"]
[WhiteFideId "409561"]
[BlackFideId "738590"]
[EventDate "2019.05.14"]

1. e4 d6 2. d4 Nf6 3. Nc3 e5 4. Nf3 Nbd7 5. g4 Nxg4 6. Rg1 Ngf6 7. Be3 c6 8. Qd2
b5 9. O-O-O Qa5 10. dxe5 dxe5 11. Bh3 b4 12. Nb1 Qc7 13. Bxd7+ Nxd7 14. Nh4 g6
15. f4 Nb6 16. b3 Be7 17. Nf3 c5 18. Nxe5 Bb7 19. Qe2 c4 20. Bxb6 Qxb6 21. Qxc4
O-O 22. Rg3 Rac8 23. Qe2 Rfd8 24. Rxd8+ Rxd8 25. Rd3 Kg7 26. Rxd8 Bxd8 27. Qd3
Qg1+ 28. Kb2 Bb6 29. a3 Qd4+ 30. c3 Qf2+ 31. Qd2 Qxd2+ 32. Nxd2 Be3 33. Nec4
bxc3+ 34. Kxc3 Bxf4 35. h4 h5 36. Kd4 g5 37. hxg5 h4 38. Nf3 h3 39. a4 Bc8 40.
Ne3 h2 41. Nxh2 Bxh2 42. Nd1 Bg1+ 43. Ke5 Kg6 44. Nc3 Kxg5 45. b4 Be6 46. a5 Bc4
47. Nd5 Bf2 48. Kd6 Bd3 49. e5 Bg3 50. Ke7 Bxe5 51. Kxf7 Bc4 52. Ke6 Bg3 53. b5
Kg4 54. b6 a6 0-1

[Event "IMSA World Masters Rapid"]
[Site "Hengshui CHN"]
[Date "2019.05.14"]
[Round "3.8"]
[White "Bu, Xiangzhi"]
[Black "Mamedov, Rauf"]
[Result "0-1"]
[WhiteTitle "GM"]
[BlackTitle "GM"]
[WhiteElo "2729"]
[BlackElo "2650"]
[WhiteFideId "8601445"]
[BlackFideId "13401653"]
[EventDate "2019.05.14"]

1. Nf3 d5 2. d4 Nf6 3. c4 e6 4. Nc3 Nbd7 5. cxd5 exd5 6. Bg5 c6 7. e3 h6 8. Bh4
g5 9. Bg3 Nh5 10. Bd3 Nxg3 11. hxg3 Bg7 12. Qc2 Qe7 13. O-O-O Nb6 14. Kb1 Be6
15. Nd2 O-O-O 16. Nb3 Kb8 17. Rc1 h5 18. Nc5 h4 19. gxh4 gxh4 20. Ne2 Bc8 21. g3
Qf6 22. Rcf1 Bf8 23. gxh4 Rxh4 24. Rxh4 Qxh4 25. Ng3 Qf6 26. Nb3 Bd6 27. Nf5 Bc7
28. a3 Rh8 29. Rg1 Nc4 30. e4 dxe4 31. Bxe4 Nb6 32. Ne3 Re8 33. Rd1 Qf4 34. Nc5
Nd7 35. Nxd7+ Bxd7 36. Bf5 Rxe3 37. Bxd7 Rf3 38. Rd2 a6 39. Ka2 Ba5 40. Re2 Qd6
41. Be8 Qd5+ 42. Kb1 Rh3 43. Qc5 Rh1+ 44. Kc2 Qf3 45. Qe5+ Bc7 46. Qe4 Qh5 47.
Bd7 Rg1 48. Qd3 Qd5 49. Bf5 Bf4 50. b3 Qa5 51. a4 Qb4 52. Qf3 Rc1+ 53. Kb2 Qxd4+
54. Ka3 Ra1+ 0-1

[Event "IMSA World Masters Rapid"]
[Site "Hengshui CHN"]
[Date "2019.05.14"]
[Round "4.1"]
[White "Cheparinov, Ivan"]
[Black "Dominguez Perez, Leinier"]
[Result "1/2-1/2"]
[WhiteTitle "GM"]
[BlackTitle "GM"]
[WhiteElo "2667"]
[BlackElo "2750"]
[WhiteFideId "2905540"]
[BlackFideId "3503240"]
[EventDate "2019.05.14"]

1. d4 Nf6 2. c4 e6 3. Nf3 d5 4. g3 Be7 5. Bg2 O-O 6. O-O dxc4 7. Qc2 a6 8. a4 c5
9. dxc5 Bxc5 10. Qxc4 b6 11. Ne5 Ra7 12. Nd3 Be7 13. Bf4 Bb7 14. Bxb7 Rxb7 15.
Nd2 Nd5 16. Bxb8 b5 17. axb5 axb5 18. Qb3 Qxb8 19. Rfc1 Rc8 20. Ne4 h6 21. Rxc8+
Qxc8 22. Rc1 Rc7 23. Rxc7 Nxc7 24. Qc3 Qb7 25. Nd2 Nd5 26. Qc2 Qc7 27. Qxc7 Nxc7
28. f4 Kf8 29. Kf2 Ke8 30. e4 Bd6 31. Nb3 Kd7 32. Nd4 Kc8 33. Kf3 Kb7 34. e5 Bf8
35. g4 Kb6 36. f5 Bc5 37. Ne2 Kc6 38. Ke4 Ba7 39. h4 Nd5 40. Nef4 Nc7 41. Nh5
Ne8 42. f6 g6 43. Nhf4 Kd7 44. h5 gxh5 45. gxh5 Nc7 46. Nh3 Nd5 47. Nhf2 Be3 48.
Ng4 Bg5 49. Nc5+ Kc6 50. Nd3 Kd7 51. Kd4 Kc6 52. Ke4 1/2-1/2